000 01054nam a22002297a 4500
999 _c9001
_d9001
003 AR-CdUCM
008 190327b ||||| |||| 00| 0 spa d
020 _a9972928128
040 _aMUNICIPALIDAD PROVINCIAL DEL CUSCO
_cBIBLIOTECA MUNICIPAL DEL CUSCO
082 _a370.985 2 /
_bY1
245 _aYauyos :
_bestudios sobre valores y metas de vida /
260 _aPerú :
_bMinisterios de Educación del Perú :
_b[Gráfica Técnica],
_c2001.
300 _a266 Páginas ;
_c23 cm.
505 _aContenido: El contexto del estudio: La provincia de Yauyos -- Estado de la cuestión en la investigación -- Trayectorias de vida y valores en Yauyos -- Trayectoria de vida en Yauyos -- La familia yauyina -- La educación en Yauyos -- Los actores educativos ...
650 _aEducación - Yauyos
_924925
650 _aEducación - Procesos históricos
_924926
650 _aYauyos - Perú
_924927
700 _aAnderson, Jeanine (Coordinación)
_924928
710 _aMinisterios de Educación del Perú
_924929
942 _2ddc
_cLIBROS
945 _alccs